<?xml version="1.0" encoding="UTF-8"?>
<record
    xmlns:xsi="http://www.w3.org/2001/XMLSchema-instance"
    xsi:schemaLocation="http://www.loc.gov/MARC21/slim http://www.loc.gov/standards/marcxml/schema/MARC21slim.xsd"
    xmlns="http://www.loc.gov/MARC21/slim">

  <leader>02302    a2200193   4500</leader>
  <controlfield tag="001">59421</controlfield>
  <controlfield tag="005">20260407155848.0</controlfield>
  <controlfield tag="008">260407a1973    arg                 spa d</controlfield>
  <controlfield tag="003">AR-UNSa-BCEJYS</controlfield>
  <datafield tag="040" ind1=" " ind2=" ">
    <subfield code="a">AR-UNSa-BCEJYS</subfield>
    <subfield code="b">spa</subfield>
    <subfield code="c">AR-UNSa-BCEJYS</subfield>
  </datafield>
  <datafield tag="080" ind1=" " ind2=" ">
    <subfield code="a">338.2(8)</subfield>
    <subfield code="x">Pol&#xED;tica econ&#xF3;mica. Control de la econom&#xED;a. gesti&#xF3;n de la econom&#xED;a. planificaci&#xF3;n econ&#xF3;mica en Am&#xE9;rica Latina</subfield>
  </datafield>
  <datafield tag="245" ind1="1" ind2="0">
    <subfield code="a">La dimensi&#xF3;n jur&#xED;dica de la integraci&#xF3;n</subfield>
    <subfield code="p">Am&#xE9;rica Latina</subfield>
  </datafield>
  <datafield tag="264" ind1=" " ind2="1">
    <subfield code="a">Buenos Aires :</subfield>
    <subfield code="b">BID/INTAL (Banco Interamericano de Desarrollo. Instituto para la integraci&#xF3;n de Am&#xE9;rica Latina)</subfield>
    <subfield code="c">1973</subfield>
  </datafield>
  <datafield tag="300" ind1=" " ind2=" ">
    <subfield code="a">462 p.</subfield>
    <subfield code="c">22 cm.</subfield>
  </datafield>
  <datafield tag="505" ind1=" " ind2=" ">
    <subfield code="a">Primera Parte: El derecho de la ALALC: 1. La flexibilidad del Tratado de Montevideo y la integraci&#xF3;n econ&#xF3;mica en la ALALC / editorial del INTAI - 2. Replanteos / editorial del INTAI - 3. La cl&#xE1;usula de la naci&#xF3;n m&#xE1;s favorecida en el sistema jur&#xED;dico de la Asociaci&#xF3;n Latinoamericana de Libre Comercio / F&#xE9;lix Pe&#xF1;a - 4. El principio de reciprocidad en el Tratado de Montevideo / Carlos Ons-Indart - 5. Repartici&#xF3;n de competencias y poderes entre la ALALC y los Estados miembros / Felipe Paolillo - Segunda Parte: 6. Los acuerdos subregionales y el Tratado de Montevideo / Emilio C&#xE1;rdenas y F&#xE9;lix Pe&#xF1;a - 7. Sistematizaci&#xF3;n de la estructura jur&#xED;dica del Acuerdo de Cartagena / Francisco Villagr&#xE1;n Kramer - 8. La incorporaci&#xF3;n del ordenamiento jur&#xED;dico subregional al Derecho interno; an&#xE1;lisis de la pr&#xE1;ctica y jurisprudencia de Colombia / Franco Orrego Vicu&#xF1;a - 9. El r&#xE9;gimen com&#xFA;n de la inversi&#xF3;n extranjera en el Grupo Andino / Mauricio Guerrero - 10. El r&#xE9;gimen uniforme de la empresa multinacional en el Grupo Andino / Gustavo Fern&#xE1;ndez Saavedra - 11. La programaci&#xF3;n conjunta del desarrollo industrial subregional y el primer programa sectorial de la industria metalmec&#xE1;nica / Mauricio Guerrero - Tercera Parte: El derecho del MCCA: 12. Los instrumentos legales de la integraci&#xF3;n econ&#xF3;mica centroamericana / Francisco Villagr&#xE1;n Kramer - 13. Los &#xF3;rganos del Tratado General de Integraci&#xF3;n Econ&#xF3;mica Centroamericana / Gautama Fonseca y Dante Ram&#xED;rez</subfield>
  </datafield>
  <datafield tag="942" ind1=" " ind2=" ">
    <subfield code="c">BK</subfield>
  </datafield>
  <datafield tag="590" ind1=" " ind2=" ">
    <subfield code="a">niveau_biblio:m niveau_hierar:0</subfield>
  </datafield>
  <datafield tag="100" ind1="1" ind2=" ">
    <subfield code="a">Banco Interamericano de Desarrollo. Instituto para la Integraci&#xF3;n de Am&#xE9;rica Latina (BID-INTAL)</subfield>
  </datafield>
  <datafield tag="999" ind1=" " ind2=" ">
    <subfield code="c">6676</subfield>
    <subfield code="d">6676</subfield>
  </datafield>
  <datafield tag="952" ind1=" " ind2=" ">
    <subfield code="0">0</subfield>
    <subfield code="1">0</subfield>
    <subfield code="4">0</subfield>
    <subfield code="7">0</subfield>
    <subfield code="a">BCEJYS</subfield>
    <subfield code="b">BCEJYS</subfield>
    <subfield code="c">16</subfield>
    <subfield code="d">2026-04-07</subfield>
    <subfield code="l">0</subfield>
    <subfield code="o">338.2(8) B213d</subfield>
    <subfield code="p">L13817</subfield>
    <subfield code="r">2026-04-07 15:58:48</subfield>
    <subfield code="w">2026-04-07</subfield>
    <subfield code="y">L</subfield>
  </datafield>
</record>
